| 000 | 00690nam a2200253Ia 4500 | ||
|---|---|---|---|
| 003 | OSt | ||
| 005 | 20220918201239.0 | ||
| 006 | a|||||r|||| 00| 0 | ||
| 007 | ta | ||
| 008 | 220917b |||||||| |||| 00| 0 eng d | ||
| 024 | _a92,608 | ||
| 037 | _cTextual | ||
| 040 |
_aARTS _cARTS _beng |
||
| 041 |
_2eng _aeng |
||
| 082 | _aV1,41:594.N, M0 | ||
| 100 |
_aPerlmutter A _997661 |
||
| 245 | 0 | _aPolitical influence of the Military | |
| 260 |
_aN Haven _band London Yale Univ _c1980 |
||
| 300 |
_ax, 580p. _ccm. |
||
| 650 | _aHISTORY | ||
| 700 |
_a Bennett V P _997662 |
||
| 942 |
_hV1,41:594.N, M0 _cTEXL _2CC |
||
| 999 |
_c216259 _d216259 |
||